| Tag |
First Indicator |
Second Indicator |
Subfields |
| LEADER |
00000cam a2200000 4500 |
| 001 |
in00000282991 |
| 005 |
20151010090934.0 |
| 008 |
720705r19711633ne 00000 eng |
| 010 |
|
|
|a 72171756
|
| 035 |
|
|
|a (OCoLC)00370009
|
| 035 |
|
|
|9 ABG5000AM
|
| 040 |
|
|
|a DLC
|c DLC
|d TXA
|d UtOrBLW
|
| 043 |
|
|
|a a-ii---
|
| 049 |
|
|
|a TXAM
|c [1126533]
|
| 050 |
0 |
0 |
|a DS411
|b .F3 1633a
|
| 082 |
0 |
|
|a 915.4/04/2
|
| 100 |
1 |
|
|a Farewell, Christopher.
|
| 245 |
1 |
3 |
|a An East-India colation.
|
| 264 |
|
1 |
|a Amsterdam :
|b Theatrum Orbis Terrarum;
|a New York :
|b Da Capo Press,
|c 1971.
|
| 300 |
|
|
|a 69, 24 pages ;
|c 16 cm.
|
| 336 |
|
|
|a text
|b txt
|2 rdacontent
|
| 337 |
|
|
|a unmediated
|b n
|2 rdamedia
|
| 338 |
|
|
|a volume
|b nc
|2 rdacarrier
|
| 490 |
1 |
|
|a The English experience, its record in early printed books published in facsimile,
|v no. 380
|
| 500 |
|
|
|a STC 10687.
|
| 500 |
|
|
|a Original title page reads: An East-India colation; or, A discourse of travels; set forth in sundry observations, briefe and delightfull; collected by the author in a voyage he made unto the East-Indies, of almost foure yeares continuance. Written by C. F. ... London, Printed by B. A. and T. F., 1633.
|
| 651 |
|
0 |
|a India
|x Description and travel.
|
| 830 |
|
0 |
|a English experience, its record in early printed books published in facsimile ;
|v no. 380.
|
| 999 |
|
|
|a MARS
|
| 999 |
f |
f |
|s 3928b976-18a9-349e-b517-0fd7448264a5
|i 87ee99db-374a-328a-86d7-ad9a4008d58a
|t 0
|
| 952 |
f |
f |
|p ric
|a Texas A&M University
|b Rellis Campus
|c Joint Library Facility
|d Remote Storage
|t 0
|e DS411 .F3 1633a
|h Library of Congress classification
|i unmediated -- volume
|m A14802044015
|
| 998 |
f |
f |
|a DS411 .F3 1633a
|t 0
|l Remote Storage
|